| Tag |
First Indicator |
Second Indicator |
Subfields |
| LEADER |
00000cam a2200000 4500 |
| 001 |
in00000064606 |
| 005 |
20151007083340.0 |
| 008 |
740523s1964 mau b 00000 eng u |
| 010 |
|
|
|a 64011940
|
| 035 |
|
|
|a (OCoLC)00894240
|
| 035 |
|
|
|9 AAF9230AM
|
| 040 |
|
|
|c VTU
|d TXA
|d UtOrBLW
|
| 049 |
|
|
|a TXAM
|c [410593]
|
| 090 |
|
|
|a HE1063
|b .D4
|
| 092 |
|
|
|a 333.16
|b D295r
|
| 100 |
1 |
|
|a Decker, Leslie E.
|q (Leslie Edward),
|d 1930-
|
| 245 |
1 |
0 |
|a Railroads, lands, and politics; the taxation of the railroad land grants, 1864-1897. :
|b [by] Leslie E. Decker.
|
| 264 |
|
1 |
|a Providence :
|b Brown University Press,
|c 1964.
|
| 300 |
|
|
|a xi, 435p :
|b illustrations,maps. ;
|c 24cm.
|
| 336 |
|
|
|a text
|b txt
|2 rdacontent
|
| 337 |
|
|
|a unmediated
|b n
|2 rdamedia
|
| 338 |
|
|
|a volume
|b nc
|2 rdacarrier
|
| 504 |
|
|
|a Bibliography: pages 397-428.
|
| 650 |
|
0 |
|a Railroad land grants
|z United States.
|
| 650 |
|
0 |
|a Railroad land grants
|z Kansas.
|
| 650 |
|
0 |
|a Railroad land grants
|z Nebraska.
|
| 999 |
|
|
|a MARS
|
| 999 |
f |
f |
|s e2b7e472-fdc5-3410-b45f-c0d6b88f51e5
|i 1d0437fd-b47b-3995-9f72-45e0b10b8cd7
|t 0
|
| 952 |
f |
f |
|p ric
|a Texas A&M University
|b Rellis Campus
|c Joint Library Facility
|d Remote Storage
|t 0
|e HE1063 .D4
|h Library of Congress classification
|i unmediated -- volume
|m A14800739680
|
| 998 |
f |
f |
|a HE1063 .D4
|t 0
|l Remote Storage
|